00648nam a2200157 a 450000100100000000500170001000800410002704000250006810000330009324501800012626000780030630000270038450400270041170000310043870000210046900002951120200930055613.0110418s1974 dr 000 0 spa d aDO-SdBNPbspacBNPHU1 aBonelly de Calventi, Idelisa10aEvaluación del método por destilación con xilol para determinar la humedad en el pescado seco /cIdelisa Bonelly de Calventi, Nirva Núñez de Ricart, Sophie Jakawska. a[Santo Domingo] :bCentro de Investigaciones de Biología Marina,c1974. a15 p. :bil. ;c21 cm. aBibliografía : p. 151 aNúñez de Ricart, Nirva1 aJakawska, Sophie